000 00650nam a2200205Ia 4500
008 130821s2001 ag gr spa
020 _a9875170372
040 _aCo-BoUCM
_bspa
041 0 0 _aspa
100 1 _aRoldan, Patricio R.
_9162219
245 1 0 _aDocumentación pericial caligráfica
_cPatricio R. Roldan
260 _aBuenos Aires (Argentina)
_bEdiciones la Rocca
_c2001
300 _a426 páginas
504 _aIncluye bibliografía
650 0 4 _aCaligrafía
_910328
650 0 4 _aCriminología
_912152
650 0 4 _aMedicina forense
_919159
942 _cLIBRO
_a8
_e1
_mR744d
_2DEWEY
_h363.2565
999 _c47684
_d47684